| 000 | 00429cam a2200169ua 4500 | ||
|---|---|---|---|
| 020 | _c2.00 | ||
| 041 |
_amal _h |
||
| 082 |
_a894.8124 _bNAG/AN |
||
| 100 | _aNagai, Tagashi . | ||
| 245 |
_aAnubomb veenappol / _cTakashi nagai. _hTextual Documents |
||
| 260 |
_aKottayam : _bSahitya Pravarthaka Co-operative Society , _c1962. |
||
| 300 | _a189 ; . | ||
| 365 | _a2.00 | ||
| 504 | _a | ||
| 942 | _cBK | ||
| 999 |
_c5258 _d5258 |
||